Annual review of biophysics and bioengineering. (Record no. 187468)
[ view plain ]
| 000 -LEADER | |
|---|---|
| fixed length control field | 01333cas a2200397 a 4500 |
| 001 - CONTROL NUMBER | |
| control field | 000505683 |
| 003 - CONTROL NUMBER IDENTIFIER | |
| control field | AM-YeHGA |
| 005 - DATE AND TIME OF LATEST TRANSACTION | |
| control field | 20250617134745.0 |
| 008 - FIXED-LENGTH DATA ELEMENTS--GENERAL INFORMATION | |
| fixed length control field | 750727s19721984caua||||||||||0|||||eng|d |
| 020 ## - INTERNATIONAL STANDARD BOOK NUMBER | |
| International Standard Book Number | 0824318064 (Vol. 6) |
| 022 ## - INTERNATIONAL STANDARD SERIAL NUMBER | |
| International Standard Serial Number | 0084-6589 |
| 030 ## - CODEN DESIGNATION | |
| CODEN | ABPBBK |
| 040 ## - CATALOGING SOURCE | |
| Original cataloging agency | AM-YeHGA |
| 041 0# - LANGUAGE CODE | |
| Language code of text/sound track or separate title | eng |
| 090 ## - LOCALLY ASSIGNED LC-TYPE CALL NUMBER (OCLC); LOCAL CALL NUMBER (RLIN) | |
| -- | 188934 |
| 210 0# - ABBREVIATED TITLE | |
| Abbreviated title | Annu. rev. biophys. bioeng. |
| 222 #0 - KEY TITLE | |
| Key title | Annual review of biophysics and bioengineering |
| 245 00 - TITLE STATEMENT | |
| Title | Annual review of biophysics and bioengineering. |
| 260 ## - PUBLICATION, DISTRIBUTION, ETC. | |
| Place of publication, distribution, etc. | Palo Alto, Calif. : |
| Name of publisher, distributor, etc. | Annual Reviews, |
| Date of publication, distribution, etc. | [1972]-. |
| 300 ## - PHYSICAL DESCRIPTION | |
| Extent | 13 volume : |
| Other physical details | ill. ; |
| Dimensions | 23 cm. |
| 310 ## - CURRENT PUBLICATION FREQUENCY | |
| Current publication frequency | Annual |
| 362 0# - DATES OF PUBLICATION AND/OR SEQUENTIAL DESIGNATION | |
| Dates of publication and/or sequential designation | Vol. 1 (1972)-v. 13 (1984). |
| 505 1# - FORMATTED CONTENTS NOTE | |
| Miscellaneous information | Vol. 5 ( 1976; 614 p.) / |
| Statement of responsibility | Editor : L.J. Mullins ; |
| Miscellaneous information | Vol. 6 (1977; v, 565 p.) / |
| Statement of responsibility | Editor : L.J. Mullins |
| 510 2# - CITATION/REFERENCES NOTE | |
| Name of source | Chemical abstracts |
| International Standard Serial Number | 0009-2258 |
| Coverage of source | 1972-1983 |
| 530 ## - ADDITIONAL PHYSICAL FORM AVAILABLE NOTE | |
| Additional physical form available note | Also issued online. |
| 590 ## - LOCAL NOTE (RLIN) | |
| Local note | SERBIB/SERLOC merged record |
| 650 #0 - SUBJECT ADDED ENTRY--TOPICAL TERM | |
| Topical term or geographic name entry element | Biophysics |
| 650 14 - SUBJECT ADDED ENTRY--TOPICAL TERM | |
| Topical term or geographic name entry element | Bioengineering |
| 650 14 - SUBJECT ADDED ENTRY--TOPICAL TERM | |
| Topical term or geographic name entry element | Biomedical engineering |
| 650 #2 - SUBJECT ADDED ENTRY--TOPICAL TERM | |
| Topical term or geographic name entry element | Biophysics |
| 700 1# - ADDED ENTRY--PERSONAL NAME | |
| Personal name | Mullins, L.J. |
| Relationship | edt |
| 776 1# - ADDITIONAL PHYSICAL FORM ENTRY | |
| Title | Annual review of biophysics and bioengineering (Online) |
| 785 00 - SUCCEEDING ENTRY | |
| Title | Annual review of biophysics and biophysical chemistry |
| International Standard Serial Number | 0883-918 |
| 856 4# - ELECTRONIC LOCATION AND ACCESS | |
| Uniform Resource Identifier | <a href="http://arjournals.annualreviews.org/loi/biophys">http://arjournals.annualreviews.org/loi/biophys</a> |
| 942 ## - ADDED ENTRY ELEMENTS (KOHA) | |
| Source of classification or shelving scheme | Universal Decimal Classification |
| Koha item type | Գրքեր / Books |
| Withdrawn status | Lost status | Source of classification or shelving scheme | Damaged status | Not for loan | Collection | Home library | Current library | Date acquired | Serial enumeration / chronology | Total checkouts | Full call number | Barcode | Date last seen | Price effective from | Koha item type | Public note |
|---|---|---|---|---|---|---|---|---|---|---|---|---|---|---|---|---|
| Universal Decimal Classification | Gulbenkian Individual Collection | Fundamental Scientific Library | Fundamental Scientific Library | 28/12/2016 | V. 5 | Gulb/4378 | 901004378 | 28/12/2016 | 28/12/2016 | Գրքեր / Books | ILL Non-Circ. | |||||
| Universal Decimal Classification | Gulbenkian Individual Collection | Fundamental Scientific Library | Fundamental Scientific Library | 28/12/2016 | V. 6 | Gulb/4379 | 901004379 | 28/12/2016 | 28/12/2016 | Գրքեր / Books | ILL Non-Circ. |
ՀՀ Գիտությունների ազգային ակադեմիայի հիմնարար գիտական գրադարան = Fundamental Scientific Library of NAS RA
All site content, except where otherwise noted, is licensed under a